00606nam a22001817a 450000500170000001000150001702000260003203500130005803700130007108200080008410000230009224500990011526000550021427000540026930000350032350000500035865000160040820130910113154.0 aENG-108157 a9780521670340c445.00 aEN-91690 bDBAD/PUB a510 aGarrity, Thomas A.10aAll the mathematics you missed :cby Thomas A. Garritybbut need to know for graduate school / aNew DelhibCambridge University Pressc2010(repr.) a4381/4, Ansari Road, DaryaganjbNew Delhie110002 axxvii,347p. :c24cm(pbk)bill. aIncludes bibliographical references and index aMathematics